01495nam a2200301 a 4500001001000000005001700010008004100027041000800068044000800076084002000084100005000104245009100154260003300245300005000278500016200328500026400490500001000754546002400764650005700788650006100845650003900906650005000945740005000995902000801045942001101053999001501064952011401079BRCA_327620190320204212.0130309s1847----enka---###---#000-0#eng-# aeng aenk a577b.B64c18471 aCervantes Saavedra, Miguel ded1547-1616921310aDon Quixote de la ManchacTranslated from the Spanish of Miguel de Cervantes Saavedra. aLondresbHenry G. Bohnc1847 a1 v. en 2 partes (xviii, 507 p.)bil.c25 cm. aContenido : v.1. Primera parte. Advertencia del editor. Breve biografía de Cervantes. Prólogo del autor. Segunda parte. Dedicatoria y prólogo del autor aReimpresión de la edición publicada en Londres, por Charles Daly, en 1842, adornada con las mismas láminas y, como aquélla, está arreglada conforme a la traducción de Smirke. Lomos y planos decorados con motivos quijotiles dorados Lúdovik Osterc aQM456 aTexto en : inglés14aNovela españolayÉpoca clásica, 1500-1700921514aLiteratura españolayÉpoca clásica, 1500-1700921614aNovela españolaySiglo XVII921714aDon Quijote (Personaje ficticio)eNovela92180 aEl Ingenioso Hidalgo Don Quijote de la Mancha aQFM 2lcccB c3012d3012 00104070aBRCAbBRCAd2009-03-13iQM456l0o577 .B64 1847 (QM456)p3273r2019-03-22 00:00:00w2019-03-22yB